000 00312nam a2200157Ia 4500
008 230605s2007 xx 000 0 und d
041 _aeng
100 _aDisoza
245 _aShikshan vichar
260 _c2007
300 _a466
365 _b350
500 _a1882
520 _aMisc
650 _aG.SKILL
999 _c418763
_d418763